Statistics for Random German Vocab #4

Click here to take the quiz!

General Stats

  • This quiz has been taken 73 times
  • The average score is 21 of 24

Answer Stats

HintAnswer% Correct
NumberNummer
97%
WhatWas
97%
CarAuto
95%
PleaseBitte
95%
BlueBlau
95%
CometKomet
95%
LoveLiebe
95%
ZeroNull
95%
NorwayNorwegen
93%
HeadphonesKopfhörer
91%
WayWeg
91%
EverythingAlles
86%
(to) UnderstandVerstehen
86%
YellowGelb
84%
CleverKlug
81%
RainRegen
81%
MaybeViellicht
81%
CupTasse
79%
(Wrist)watchArmbanduhr
78%
HourStunde
78%
(to) CountZählen
76%
BatFliedermaus
71%
(to) SmellRiechen
71%
ThiefDieb
62%

Score Distribution

Percentile by Number Answered

Percent of People with Each Score

Your Score History

You have not taken this quiz